[Event "21st Dubai Open 2019"]
[Site "Dubai"]
[Date "2019.04.01"]
[Round "1.33"]
[White "Vokhidov, Shamsiddin"]
[Black "Isha, Sharma"]
[Result "1-0"]
[WhiteElo "2494"]
[BlackElo "1989"]
[Annotator "TA"]
[PlyCount "81"]
[EventDate "2019.04.01"]
[EventType "swiss"]
[EventCountry "UAE"]
[SourceTitle "playchess.com"]
[Source "ChessBase"]
[SourceQuality "1"]

{[%evp 10,81,-6,-10,-14,-4,49,46,25,30,106,106,122,118,123,100,106,108,104,101,110,100,123,110,163,122,199,183,221,210,236,230,235,234,285,281,295,296,334,282,313,321,378,360,359,388,541,541,533,520,541,510,822,836,895,883,850,841,850,834,1290,1267,1300,4125,3353,1445,5021,610,4849,2663,29965,29966,29977,29975]} 1. e4 e6 2. d4 d5 3. Bd3 dxe4 4. Bxe4 Nf6 5. Bf3 c5 6. Ne2 Nc6 {[%cal Rc5d4] C01: French: Exchange Variation} 7. Be3 Nd5 ({Better is} 7... cxd4 $11 8. Nxd4 Ne5) (7... cxd4 8. Nxd4 Ne5 9. Nc3 a6 10. Qe2 Nxf3+ 11. Qxf3 e5 12. Nb3 Bb4 13. Bg5 h6 14. Rd1 {½-½ (31) Andriasian,Z (2604)-Martirosyan,H (2607) Yerevan 2019}) 8. Bxd5 $1 $14 Qxd5 {White is slightly better.} 9. Nbc3 $1 {[%cal Rc3d5]} Qd7 (9... Qh5 $11 {keeps the balance.}) 10. dxc5 $16 Ne5 11. Qd4 Ng6 $146 ({Predecessor:} 11... Qxd4 12. Bxd4 Nd7 13. Nb5 Kd8 14. O-O-O {1-0 (43) Reinaldo Castineira,R (2490)-Gonzalez Perez,A (2440) Pontevedra 2015}) 12. O-O-O {Black must now prevent Nb5.} Qxd4 13. Bxd4 {Hoping for Nb5.} Bd7 14. f3 $36 {[%mdl 2048] White has strong initiative.} Bc6 15. b4 a6 16. Kb2 b5 (16... b6 $16 {was called for.}) 17. Nc1 O-O-O {[#]} (17... Be7 $16 18. Nb3 (18. Bxg7 Rg8 $14) 18... O-O) 18. Nb3 $1 $18 Be7 19. Na5 ({Less strong is} 19. Bxg7 Rhg8 $16) 19... Kc7 20. Bxg7 Rhg8 21. Bd4 e5 22. Bf2 f5 23. Nxc6 Kxc6 24. g3 Bf6 25. Kb3 h5 26. a4 bxa4+ 27. Nxa4 Rxd1 28. Rxd1 Rd8 29. Rxd8 Bxd8 {[%mdl 4096] Endgame KBN-KBN} 30. c4 Nf8 (30... Ne7 $142 31. Nc3 Kb7) 31. Nc3 Ne6 32. b5+ axb5 33. cxb5+ Kd7 34. Nd5 Ng5 35. c6+ Kd6 36. Kc4 Ne6 37. Be1 {[#] White wants to mate with Bb4+.} Nd4 38. Bb4+ Ke6 39. Bc5 Nxb5 40. Kxb5 Kxd5 41. Bb6 {Accuracy: White = 90%, Black = 23%.} 1-0

[Event "21st Dubai Open 2019"]
[Site "Dubai"]
[Date "2019.04.01"]
[Round "1.33"]
[White "Vokhidov, Shamsiddin"]
[Black "Isha Sharma"]
[Result "1-0"]
[WhiteElo "2494"]
[BlackElo "1989"]
[Annotator "TA"]
[PlyCount "81"]
[EventDate "2019.04.01"]
[EventType "swiss"]
[EventCountry "UAE"]
[SourceTitle "playchess.com"]
[Source "ChessBase"]
[SourceQuality "1"]

{[%evp 10,81,-6,-14,0,0,53,33,44,36,112,111,126,125,122,108,102,94,110,104,114,108,122,127,176,129,176,190,208,219,238,238,220,229,269,268,294,295,310,287,292,285,373,368,379,370,520,529,529,529,525,512,779,701,933,927,918,916,863,875,2601,2274,4133,4133,4125,1518,4837,1342,4837,3772,4837,4837,29974,29950]} 1. e4 e6 2. d4 d5 3. Bd3 dxe4 4. Bxe4 Nf6 5. Bf3 c5 6. Ne2 Nc6 {[%cal Rc5d4] C01: French: Exchange Variation} 7. Be3 Nd5 ({Black should play} 7... Be7 $11) (7... cxd4 8. Nxd4 Ne5 9. Nc3 a6 10. Qe2 Nxf3+ 11. Qxf3 e5 12. Nb3 Bb4 13. Bg5 h6 14. Rd1 {½-½ (31) Andriasian,Z (2604)-Martirosyan,H (2607) Yerevan 2019}) 8. Bxd5 $1 $14 Qxd5 {White is slightly better.} 9. Nbc3 $1 {[%cal Rc3d5]} Qd7 (9... Qh5 $14) 10. dxc5 $16 Ne5 {[#]} 11. Qd4 $1 $36 {[%cal Rd4e5][%mdl 2048] White is on the roll.} Ng6 $146 ({Predecessor:} 11... Qxd4 12. Bxd4 Nd7 13. Nb5 Kd8 14. O-O-O {1-0 (43) Reinaldo Castineira,R (2490)-Gonzalez Perez,A (2440) Pontevedra 2015}) 12. O-O-O {And now Nb5 would win.} Qxd4 13. Bxd4 {Strongly threatening Nb5.} Bd7 14. f3 Bc6 15. b4 a6 16. Kb2 b5 17. Nc1 O-O-O {[#]} 18. Nb3 $1 Be7 19. Na5 ({Less strong is} 19. Bxg7 Rhg8 $14) 19... Kc7 20. Bxg7 Rhg8 21. Bd4 e5 22. Bf2 f5 23. Nxc6 Kxc6 24. g3 Bf6 25. Kb3 h5 26. a4 bxa4+ 27. Nxa4 Rxd1 (27... e4 $142 28. fxe4 fxe4) 28. Rxd1 $18 Rd8 29. Rxd8 Bxd8 {[%mdl 4096] Endgame KBN-KBN} 30. c4 Nf8 (30... h4 $142 31. Nc3 Kc7) 31. Nc3 Ne6 32. b5+ axb5 33. cxb5+ Kd7 34. Nd5 Ng5 35. c6+ Kd6 36. Kc4 Ne6 37. Be1 {White wants to mate with Bb4+.} Nd4 38. Bb4+ Ke6 39. Bc5 Nxb5 40. Kxb5 Kxd5 41. Bb6 {Accuracy: White = 89%, Black = 25%.} 1-0

[Event "21st Dubai Open 2019"]
[Site "Dubai"]
[Date "2019.04.01"]
[Round "1.34"]
[White "Parthasarathy, R."]
[Black "Nguyen, Anh Khoi"]
[Result "0-1"]
[WhiteElo "1989"]
[BlackElo "2481"]
[Annotator "TA"]
[PlyCount "100"]
[EventDate "2019.04.01"]
[EventType "swiss"]
[EventCountry "UAE"]
[SourceTitle "playchess.com"]
[Source "ChessBase"]
[SourceQuality "1"]

{[%evp 9,100,14,33,10,39,48,30,25,53,13,18,15,28,0,23,6,-6,-14,0,-19,0,0,0,-13,-6,-10,-10,-8,-2,-29,2,5,12,-10,24,22,22,8,12,0,26,18,12,15,15,14,12,0,0,0,0,0,1,-106,-102,-116,-107,-112,-103,-115,-106,-106,-97,-97,-88,-91,-91,-86,-79,-140,-145,-142,-115,-115,-108,-103,-101,-170,-112,-112,-112,-142,-143,-170,-162,-157,-143,-182,-165,-29968,-29970,-29969,-29972]} 1. e4 c5 2. Nf3 e6 3. b3 Nf6 4. e5 Nd5 5. Bb2 Nc6 6. Bc4 {B40: Sicilian: 2...e6, Unusual lines} (6. c4 Nde7 7. g3 d6 8. Bg2 Ng6 9. exd6 e5 10. h4 Bxd6 11. h5 Nge7 12. h6 g6 13. Nc3 f6 14. Qe2 O-O {½-½ (66) Onischuk,V (2637)-Vidit,S (2715) Riadh 2017}) 6... Nc7 7. O-O Be7 8. Nc3 {White has an edge.} f6 $146 ({Predecessor:} 8... O-O 9. Ne4 b6 10. d4 cxd4 11. Bxd4 Nxd4 12. Qxd4 Bb7 13. Rad1 Nd5 {½-½ (13) Yeoh,L (2350)-Nguyen,V (2465) Penang 2015}) 9. Ne4 fxe5 10. Nxe5 {Threatening mate with Qh5+.} O-O 11. Qg4 {Strongly threatening Nxc6.} Ne8 12. Bd3 Nb4 13. a3 Nxd3 14. Nxd3 ({Don't play} 14. cxd3 d6 $17) 14... b6 15. Rae1 Bb7 16. Nf4 Bxe4 17. Rxe4 Bf6 18. Be5 Bxe5 19. Rxe5 Qf6 20. Nd3 Nd6 21. Rfe1 Nf5 22. c3 Ne7 23. g3 Nc6 24. R5e2 Qh6 25. f4 (25. b4 {with more complications.} cxb4 26. axb4 Rf5 27. Rb1 a6 28. Re3) 25... Rf5 26. Ne5 Nxe5 27. Rxe5 Raf8 28. Qf3 Rxe5 29. Rxe5 $11 {[%mdl 4096] Endgame KQR-KQR} Qg6 30. Qe4 Qg4 31. Qe2 (31. Kg2 $11 {remains equal.}) 31... Rxf4 $1 $17 32. Qxg4 Rxg4 {KR-KR} 33. Kg2 Kf7 34. Kf3 Rg6 35. Re4 Rf6+ 36. Ke3 Ke7 37. Ra4 a5 38. b4 cxb4 39. cxb4 (39. axb4 $142 Rf5 40. bxa5) 39... Rf5 40. d3 Kd6 41. bxa5 Rxa5 42. Rd4+ Kc6 43. Rf4 (43. Rc4+ $17 {is a better defense.} Rc5 44. Rf4) 43... g5 (43... Rxa3 $19 {Hoping for ...d5.} 44. Rf7 e5) 44. Rc4+ Rc5 45. Rb4 h5 46. h3 Rc1 47. h4 {[#]} g4 $1 48. Kf4 {[#]} Rc5 $1 {[%cal Rc5f5] White must now prevent ...Rf5+.} 49. Rc4 $2 (49. Ke3 $19) 49... Rxc4+ 50. dxc4 d5 {Accuracy: White = 37%, Black = 61%.} 0-1

[Event "21st Dubai Open 2019"]
[Site "Dubai"]
[Date "2019.04.01"]
[Round "1.35"]
[White "Sadhwani, Raunak"]
[Black "Ali, Abdulaziz"]
[Result "1-0"]
[WhiteElo "2475"]
[BlackElo "1988"]
[Annotator "TA"]
[PlyCount "31"]
[EventDate "2019.04.01"]
[EventType "swiss"]
[EventCountry "UAE"]
[SourceTitle "playchess.com"]
[Source "ChessBase"]
[SourceQuality "1"]

{[%evp 9,31,-10,0,-6,20,0,7,2,12,0,0,0,34,42,70,30,281,282,282,286,784,756,924,891]} 1. d4 d5 2. Nc3 Nf6 3. Bf4 Bf5 (3... e6 4. Nb5 Na6 5. e3 Be7 6. Nf3 O-O 7. Bd3 c6 8. Nc3 Nb4 9. h3 Nxd3+ 10. cxd3 b6 11. O-O Bb7 {0-1 (40) Rapport,R (2731)-Giri,A (2783) Wijk aan Zee 2019}) 4. f3 e6 5. Qd2 a6 6. O-O-O {D00: 1 d4 d5: Unusual lines} c5 7. dxc5 $146 ({Predecessor:} 7. e3 Nc6 8. a3 c4 9. Re1 Bg6 10. Nh3 b5 11. Nf2 Be7 {0-1 (53) Scheidt,M (1399)-Brockhoff,M (1497) Magdeburg 2015}) 7... Nbd7 8. Bd6 {The position is equal.} Bxd6 9. cxd6 b5 {...b4 is the strong threat.} 10. a3 Ne5 {[#]} 11. e4 $1 {[%mdl 576] Decoy} dxe4 12. fxe4 Nxe4 $2 {[%mdl 8192]} (12... Bg4 $1 $11) 13. Nxe4 $18 Bxe4 14. Qf4 {[%mdl 64] Double Attack} Nc4 $2 {[#]} (14... Bxc2 15. Kxc2 Qf6) 15. d7+ Kf8 16. Qxe4 {Accuracy: White = 77%, Black = 15%.} 1-0

[Event "21st Dubai Open 2019"]
[Site "Dubai"]
[Date "2019.04.01"]
[Round "1.37"]
[White "Vignesh, N R"]
[Black "Mota, Pankit"]
[Result "1-0"]
[WhiteElo "2457"]
[BlackElo "1974"]
[Annotator "TA"]
[PlyCount "105"]
[EventDate "2019.04.01"]
[EventType "swiss"]
[EventCountry "UAE"]
[SourceTitle "playchess.com"]
[Source "ChessBase"]
[SourceQuality "1"]

{[%evp 15,105,29,52,20,20,22,24,29,31,23,23,26,29,20,35,13,13,19,74,67,69,67,54,58,183,60,77,70,113,90,118,89,97,63,63,63,63,63,58,52,54,66,147,172,184,183,173,175,205,194,209,206,222,180,173,147,147,164,268,264,352,274,377,375,417,358,325,301,484,484,477,431,5800,4132,12577,29955,29958,29963,29963,29964,6203,990,29968,29969,29964,29951,29978,29978,29978,29978,29973,29963]} 1. e4 e6 2. d4 d5 3. Nd2 dxe4 4. Nxe4 Bd7 5. Nf3 Bc6 6. Bd3 Nd7 7. O-O Ngf6 8. Qe2 Be7 9. Rd1 {C10: French with 3 Nc3: Unusual Black 3rd moves and 3...dxe4} (9. Neg5 {feels hotter.} Bxf3 10. Nxf3 O-O 11. Rd1 c5 12. dxc5 Bxc5 13. Bf4) (9. Neg5 Bxf3 10. Nxf3 O-O 11. c3 c6 12. Re1 Qc7 13. g3 Rfe8 14. Kg2 Rad8 15. Bd2 Bd6 16. Rad1 e5 17. dxe5 Nxe5 18. Nxe5 Bxe5 {½-½ (68) Dominguez Perez,L (2739)-Meier,G (2628) chess.com INT 2018}) 9... Nxe4 10. Bxe4 Bxe4 11. Qxe4 {White has an edge.} c6 12. c4 Nf6 13. Qe2 O-O 14. Bf4 Qa5 15. Ne5 Rad8 16. Rd3 $146 ({Predecessor:} 16. a3 c5 17. b4 cxb4 18. axb4 Qb6 19. Be3 a6 20. Rdb1 Qc7 21. b5 axb5 22. Rxb5 Nd7 23. Rab1 Nxe5 24. dxe5 Rd7 25. Qf3 Qxc4 {½-½ (25) Krajnak,M (2296)-Dlabik,J (2227) Slovakia 1999}) 16... c5 (16... Nd7 $11) 17. Qf3 Rxd4 18. Rxd4 cxd4 19. Qxb7 Bd8 {[#]} (19... Qb4 $14 20. Qxb4 (20. Qxa7 Nh5 $11) 20... Bxb4) 20. Nd3 (20. Nc6 $1 $18 {[%cal Rc6a5]} Qf5 21. Bd6) 20... Qf5 $14 21. Qf3 g5 22. Be5 Qxf3 23. gxf3 Be7 24. Bxd4 Rd8 25. Bxf6 Bxf6 {[%mdl 4096] Endgame KRB-KRN} 26. Rd1 a5 27. Kf1 Rd4 28. b3 a4 (28... Kf8 $14) 29. Ke2 ({Stronger than} 29. bxa4 Rxc4 30. h3 Rxa4 $17) 29... axb3 30. axb3 Kf8 31. Rd2 Rd8 32. b4 Rb8 33. b5 Ke8 34. Nc5 Rc8 35. Ne4 Be5 {[#]} 36. Rc2 $1 ({But not} 36. Nxg5 $6 Rxc4 37. Ra2 (37. Nxh7 Rh4 $11) 37... Rb4 $14) 36... f5 (36... f6 $142 37. h3 Kd8) 37. Nxg5 $18 {[%mdl 64] Double Attack} Ke7 38. Nxh7 Bxh2 39. c5 Be5 40. Ng5 Kf6 41. Nh3 Rh8 $2 (41... Bd6 {keeps fighting.} 42. c6 (42. cxd6 $2 Rxc2+ 43. Kd3 Rc5 $19) 42... Bc7) 42. f4 Bd4 43. b6 {[%cal Bb5b6,Bb6b7][%mdl 32]} Rxh3 {KRB-KR} (43... Rb8 $142 44. Ng5 Ke7 {[%mdl 64] Remove Defender}) 44. b7 Rh8 45. c6 Bb6 46. c7 Bxc7 47. Rxc7 {KR-KR} Rb8 48. Ke3 e5 49. Rc6+ {White mates.} Ke7 50. Rb6 exf4+ 51. Kxf4 Kd7 52. Kxf5 Kc7 53. Rb2 {Accuracy: White = 61%, Black = 47%.} 1-0

[Event "21st Dubai Open 2019"]
[Site "Dubai"]
[Date "2019.04.01"]
[Round "1.37"]
[White "Vignesh N R"]
[Black "Mota, Pankit"]
[Result "1-0"]
[WhiteElo "2457"]
[BlackElo "1974"]
[Annotator "TA"]
[PlyCount "105"]
[EventDate "2019.04.01"]
[EventType "swiss"]
[EventCountry "UAE"]
[SourceTitle "playchess.com"]
[Source "ChessBase"]
[SourceQuality "1"]

{[%evp 15,105,28,69,18,27,26,21,19,26,18,35,30,31,21,25,22,27,22,69,70,84,69,59,52,192,88,77,74,122,109,116,114,83,69,60,66,70,55,63,62,61,69,187,170,196,185,176,173,191,191,195,186,191,175,175,168,158,153,299,267,325,281,372,368,364,320,320,320,568,568,568,568,5740,3088,29957,29959,29959,29954,12356,12349,5704,5193,29968,29968,29966,29965,29977,29977,29976,29976,29969,4602]} 1. e4 e6 2. d4 d5 3. Nd2 dxe4 4. Nxe4 Bd7 5. Nf3 Bc6 6. Bd3 Nd7 7. O-O Ngf6 8. Qe2 Be7 9. Rd1 {C10: French with 3 Nc3: Unusual Black 3rd moves and 3...dxe4} (9. Nxf6+ $14 Bxf6 10. c3) (9. Neg5 Bxf3 10. Nxf3 O-O 11. c3 c6 12. Re1 Qc7 13. g3 Rfe8 14. Kg2 Rad8 15. Bd2 Bd6 16. Rad1 e5 17. dxe5 Nxe5 18. Nxe5 Bxe5 {½-½ (68) Dominguez Perez,L (2739)-Meier,G (2628) chess.com INT 2018}) 9... Nxe4 10. Bxe4 Bxe4 11. Qxe4 {The position is equal.} c6 12. c4 Nf6 13. Qe2 O-O 14. Bf4 Qa5 15. Ne5 Rad8 16. Rd3 $146 ({Predecessor:} 16. a3 c5 17. b4 cxb4 18. axb4 Qb6 19. Be3 a6 20. Rdb1 Qc7 21. b5 axb5 22. Rxb5 Nd7 23. Rab1 Nxe5 24. dxe5 Rd7 25. Qf3 Qxc4 {½-½ (25) Krajnak,M (2296)-Dlabik,J (2227) Slovakia 1999}) 16... c5 17. Qf3 Rxd4 18. Rxd4 cxd4 19. Qxb7 Bd8 {[#]} (19... Qb4 $1 $14 20. Qxb4 (20. Qxa7 Qxb2 21. Rf1 Bd8 $11) 20... Bxb4) 20. Nd3 (20. Nc6 $1 $18 {[%cal Rc6a5]} Qf5 21. Bc7) 20... Qf5 $16 21. Qf3 g5 22. Be5 Qxf3 23. gxf3 Be7 24. Bxd4 Rd8 25. Bxf6 Bxf6 $14 {[%mdl 4096] Endgame KRB-KRN} 26. Rd1 a5 27. Kf1 Rd4 28. b3 a4 (28... Kf8 $14) 29. Ke2 (29. bxa4 Rxc4 30. Rd2 Rxa4 $17) 29... axb3 30. axb3 Kf8 31. Rd2 Rd8 32. b4 Rb8 33. b5 Ke8 34. Nc5 {aiming for Nd7.} Rc8 35. Ne4 Be5 {[#]} 36. Rc2 $1 ({Don't play} 36. Nxg5 $6 Rxc4 37. Ra2 (37. Nxh7 Rh4 $11) 37... Rb4 $14) 36... f5 (36... Bf4 $16 {might work better.} 37. c5 Kd7) 37. Nxg5 $18 {[%mdl 64] Double Attack} Ke7 38. Nxh7 Bxh2 39. c5 Be5 40. Ng5 Kf6 41. Nh3 Rh8 $2 (41... Bd6 {was necessary.} 42. c6 (42. cxd6 $2 Rxc2+ 43. Kd3 Rc5 $19) 42... Bc7) 42. f4 Bd4 43. b6 {[%cal Bb5b6,Bb6b7][%mdl 32]} Rxh3 {KRB-KR} 44. b7 Rh8 45. c6 Bb6 46. c7 Bxc7 47. Rxc7 {KR-KR} Rb8 48. Ke3 e5 49. Rc6+ {White mates.} Ke7 50. Rb6 exf4+ 51. Kxf4 Kd7 52. Kxf5 Kc7 53. Rb2 {Accuracy: White = 62%, Black = 42%.} (53. Rb4 $142 Rf8+ 54. Ke6 Kb8 55. f4 Re8+ 56. Kf7 Rh8 57. f5 Rh7+ 58. Kg6) 1-0

[Event "21st Dubai Open 2019"]
[Site "Dubai"]
[Date "2019.04.01"]
[Round "1.38"]
[White "Ahmed, Fareed"]
[Black "Aditya Mittal"]
[Result "0-1"]
[WhiteElo "1970"]
[BlackElo "2457"]
[Annotator "TA"]
[PlyCount "46"]
[EventDate "2019.04.01"]
[EventType "swiss"]
[EventCountry "UAE"]
[SourceTitle "playchess.com"]
[Source "ChessBase"]
[SourceQuality "1"]

{[%evp 18,46,0,0,26,-10,-13,-85,-85,-124,-81,-93,-75,-86,-89,-93,-81,-362,-312,-311,-307,-310,-309,-267,-287,-272,-267,-1446,-1430,-1716,-1604]} 1. e4 c5 2. Nf3 d6 3. d4 cxd4 4. Nxd4 Nf6 5. Nc3 a6 6. Bc4 e6 7. Bb3 Nbd7 {[%cal Bb8d7,Bd7c5,Bc5b3][%mdl 32]} 8. f4 Nc5 9. Qf3 b5 10. f5 $1 e5 {B86: Sicilian Scheveningen/Najdorf: 6 Bc4, without early ...b5} 11. Nde2 (11. Nc6 Qd7 12. Nb4 Bb7 13. Nbd5 Nxb3 14. cxb3 Nxd5 15. Nxd5 Bxd5 16. exd5 Be7 17. Be3 O-O 18. O-O {½-½ (30) Danin,A (2594)-Andriasian,Z (2611) Kazan 2014}) 11... Qa5 {Threatening ...Bb7.} 12. g4 $146 (12. Bg5 $11) ({Predecessor:} 12. O-O b4 13. Bd5 Rb8 14. Nd1 Nxd5 15. exd5 b3 16. c4 bxa2 17. Nec3 Be7 18. Be3 {0-1 (26) Ng,J (2161)-Doshi,M (2221) Puchong 2018}) 12... Bb7 $17 {[%cal Rf6e4] Black is better.} 13. Bd2 Nxb3 14. cxb3 b4 15. g5 bxc3 16. Bxc3 Bxe4 17. Qg3 $2 {[%mdl 8192] [#]} (17. Qxe4 $17 Nxe4 18. Bxa5) 17... Qd5 18. gxf6 Bxh1 ({Don't play} 18... gxf6 19. Rf1 $19) 19. fxg7 Rg8 20. gxf8=Q+ Kxf8 21. Qe3 Qe4 22. Qb6 $2 (22. Qxe4 Bxe4 23. Ng3) 22... Rg2 $19 {[%csl Gg2][%cal Re4e2][%mdl 64] [#] Double Attack} 23. Qxd6+ Kg8 0-1

[Event "21st Dubai Open 2019"]
[Site "Dubai"]
[Date "2019.04.01"]
[Round "1.38"]
[White "Ahmed, Fareed"]
[Black "Aditya, Mittal"]
[Result "0-1"]
[WhiteElo "1970"]
[BlackElo "2457"]
[Annotator "TA"]
[PlyCount "46"]
[EventDate "2019.04.01"]
[EventType "swiss"]
[EventCountry "UAE"]
[SourceTitle "playchess.com"]
[Source "ChessBase"]
[SourceQuality "1"]

{[%evp 20,46,30,-22,-11,-82,-80,-86,-79,-77,-76,-72,-73,-86,-91,-357,-323,-309,-320,-320,-307,-266,-304,-270,-257,-1368,-1331,-2750,-2713]} 1. e4 c5 2. Nf3 d6 3. d4 cxd4 4. Nxd4 Nf6 5. Nc3 a6 6. Bc4 e6 7. Bb3 Nbd7 8. f4 Nc5 9. Qf3 b5 10. f5 e5 {B86: Sicilian Scheveningen/Najdorf: 6 Bc4, without early ...b5} 11. Nde2 {LiveBook: 5 Games} (11. Nc6 $142 Qd7 12. Nb4) (11. Nc6 Qd7 12. Nb4 Bb7 13. Nbd5 Nxb3 14. cxb3 Nxd5 15. Nxd5 Bxd5 16. exd5 Be7 17. Be3 O-O 18. O-O {½-½ (30) Danin,A (2594)-Andriasian,Z (2611) Kazan 2014}) 11... Qa5 {Threatening ...Bb7.} 12. g4 $146 (12. Bg5 $11) ({Predecessor:} 12. O-O b4 13. Bd5 Rb8 14. Nd1 Nxd5 15. exd5 b3 16. c4 bxa2 17. Nec3 Be7 18. Be3 {0-1 (26) Ng,J (2161)-Doshi,M (2221) Puchong 2018}) 12... Bb7 $17 {Black is better.} 13. Bd2 Nxb3 14. cxb3 b4 15. g5 bxc3 16. Bxc3 Bxe4 17. Qg3 $2 {[%mdl 8192] [#]} (17. Qxe4 $17 Nxe4 18. Bxa5) 17... Qd5 18. gxf6 Bxh1 ({Don't play} 18... gxf6 19. Rf1 $19) 19. fxg7 Rg8 20. gxf8=Q+ Kxf8 21. Qe3 {Now Rd1 and White clings on.} Qe4 22. Qb6 $2 (22. Qxe4 Bxe4 23. Ng3) 22... Rg2 $19 {[%csl Gg2][%cal Re4e2] [#]} 23. Qxd6+ Kg8 {Precision: White = 12%, Black = 78%.} 0-1

[Event "21st Dubai Open 2019"]
[Site "Dubai"]
[Date "2019.04.02"]
[Round "2.1"]
[White "Le, Quang Liem"]
[Black "Haug, Johannes"]
[Result "1/2-1/2"]
[WhiteElo "2711"]
[BlackElo "2424"]
[Annotator "TA"]
[PlyCount "69"]
[EventDate "2019.04.01"]
[EventType "swiss"]
[EventCountry "UAE"]
[SourceTitle "playchess.com"]
[Source "ChessBase"]
[SourceQuality "1"]

{[%evp 21,69,11,14,16,18,8,18,0,0,8,44,41,53,51,53,54,53,53,61,77,62,36,62,16,51,0,0,0,0,0,0,0,0,0,0,0,0,0,0,0,0,0,0,-8,0,0,0,0,0,0]} 1. e4 e6 2. d4 d5 3. Nc3 Bb4 4. e5 c5 {[%cal Bc7c5,Bc5d4][%mdl 32]} 5. a3 Ba5 6. b4 cxd4 7. Qg4 Kf8 {C18: French: 3 Nc3 Bb4: Main line: 7 h4 and 7 Qg4} 8. Nb5 Bb6 9. Nf3 Nc6 10. Bb2 Nge7 11. Nbxd4 (11. Bd3 Ng6 12. Qg3 f6 13. Bxg6 hxg6 14. Nbxd4 Nxe5 15. Nxe5 fxe5 {½-½ (24) Grischuk,A (2766)-Mamedyarov,S (2801) Saint Louis 2018 CBM 186 [Szabo,Kr]}) 11... h5 {LiveBook: 23 Games} 12. Qf4 Ng6 13. Nxc6 bxc6 14. Qg3 a5 15. Bd3 Ne7 $146 16. O-O Ba6 17. Qf4 {[#] Black must now prevent Ng5.} Bxd3 18. cxd3 axb4 19. axb4 Nf5 20. Rxa8 Qxa8 21. Ra1 Qb7 22. g3 g6 23. Nh4 (23. h3 $1 $14) 23... Nxh4 $11 {The position is equal.} 24. Qxh4 Kg7 25. Qf6+ Kh7 26. Bc1 Rb8 27. Bd2 Bd8 28. Qf3 Kg8 29. Qe3 Ra8 30. Rxa8 Qxa8 31. Qc5 Qb7 32. b5 cxb5 33. Bb4 {[#] And now Qf8+ would win.} Bg5 34. Qf8+ Kh7 35. d4 {Precision: White = 74%, Black = 61%.} 1/2-1/2

[Event "21st Dubai Open 2019"]
[Site "Dubai"]
[Date "2019.04.02"]
[Round "2.2"]
[White "Akash G"]
[Black "Matlakov, Maxim"]
[Result "0-1"]
[WhiteElo "2414"]
[BlackElo "2692"]
[Annotator "TA"]
[PlyCount "126"]
[EventDate "2019.04.01"]
[EventType "swiss"]
[EventCountry "UAE"]
[SourceTitle "playchess.com"]
[Source "ChessBase"]
[SourceQuality "1"]

{[%evp 12,126,10,10,17,18,17,16,12,8,4,0,0,0,0,0,7,0,11,0,0,0,15,18,64,56,50,62,65,16,72,0,0,7,0,-8,23,0,0,0,0,0,17,26,35,66,68,66,83,74,88,37,37,22,14,12,12,12,12,8,16,0,83,0,0,0,0,0,0,0,0,0,0,0,0,0,0,0,0,0,0,-30,-30,-30,-30,-30,-7,-7,-8,-30,-30,-30,-30,-30,-30,-23,-23,-30,-30,-30,-30,-51,-8,-354,-344,-291,-272,-616,-609,-609,-609,-598,-591,-591,-544,-437,-299]} 1. e4 c5 2. Nf3 d6 3. d4 cxd4 4. Nxd4 Nf6 5. Nc3 a6 6. h3 e5 7. Nde2 h5 {B90: Sicilian Najdorf: Unusual White 6th moves, 6 Be3 Ng4 and 6 Be3 e5} 8. Bg5 (8. Nd5 Nxd5 9. Qxd5 Nc6 10. Qd1 Be6 11. Nc3 Rc8 12. Be3 Ne7 13. Be2 d5 14. exd5 Nxd5 15. Nxd5 Qxd5 {½-½ (26) Wang,H (2730)-Giri,A (2783) St Petersburg 2018}) 8... Be6 9. Bxf6 Qxf6 {The position is equal.} 10. Nd5 Qd8 11. Nec3 g6 12. Bc4 $36 {[%mdl 2048] White has the initiative.} Bh6 13. O-O O-O 14. Bb3 Nd7 15. Qf3 $146 ({Predecessor:} 15. a4) 15... Nc5 16. Rfd1 b5 17. a4 b4 18. Nxb4 Nxb3 19. cxb3 Bxb3 20. Rd3 Rc8 (20... Qb6 $11 21. Ncd5 Bxd5 22. Nxd5 Qxb2) 21. Nb5 (21. Ncd5 $1 $16 Bc4 22. Rc3) 21... axb5 $11 22. Rxb3 bxa4 23. Rba3 Bc1 24. Nd3 Bd2 25. Rxa4 Rc2 26. Ra7 Rc7 27. R7a6 Bg5 28. Nb4 Rb7 29. Nc6 Qd7 30. b4 Bd8 31. Qd3 ({Better is} 31. Qe3 $1 $16) 31... Bb6 $14 32. Qd5 Rc8 33. Ra8 Rxa8 34. Rxa8+ Kg7 35. Ra3 Qe6 36. Rd3 Bd4 (36... Qf6 $11 {remains equal.} 37. Rf3 Qe6) 37. Nxd4 (37. Qxe6 $16 fxe6 38. Nxd4 exd4 39. Rxd4) 37... Qxd5 $11 38. exd5 {Nc6 is the strong threat.} exd4 39. Rxd4 $16 {[%mdl 4096] Endgame KR-KR} Kf6 40. f4 Ra7 41. g3 Ra3 42. Kg2 Kf5 43. Kh2 Rb3 44. Kg2 Ra3 45. Kh2 Re3 46. Kg2 Re4 47. Rd3 $1 {[%cal Rd3b3] Black should prevent Rb3.} Rxb4 48. Kf3 $1 Ra4 49. g4+ Kf6 50. Kg3 Rb4 51. Kf3 hxg4+ 52. hxg4 g5 53. f5 Rf4+ 54. Kg3 Ke5 55. Re3+ Re4 56. Ra3 f6 57. Ra8 $2 {[%mdl 8192] [#]} (57. Kf3 $11 {and White is okay.}) 57... Re3+ $1 $19 ({Less strong is} 57... Kxd5 58. Rf8 $15) 58. Kf2 {[#]} Kf4 $1 59. Rf8 $2 (59. Ra6 Rf3+ 60. Ke2) 59... Rd3 {Black is clearly winning.} 60. Rxf6 Rd2+ 61. Kf1 Rxd5 62. Re6 {Black must now prevent f6.} Kxg4 63. f6 Kf5 {Accuracy: White = 53%, Black = 70%.} 0-1